00741nam a2200181 a 450000100100000000500170001000800410002704000250006808200150009310000320010824501550014026000640029530000280035950000330038704900090042095201130042999900170054200001750620200929165133.0100326s19uu dr a 000 0 spa d aDO-SdBNPbspacBNPHU axxxbF954a1 aFuenmayor, Alejandro93823010aAritmética elemental intuitiva :bpara uso de los niños que estudian el primer grado de las escuelas primarias elementales /cAlejandro fuenmayor. aNew York. :bD. C. Heath y Compañía Editores,c[19--?]. a122 p. :bil. ;c19 cm. aIncluye índice de materias aBNPD 0010718PDaPDbPDcCTd2010-03-26iLF1l0oxxx F954ap17506-10r2020-06-25w2020-06-25yLFPDZNo se presta c17031d17031